Vom Zähmen der Phantasie zu Franz Werfels frühen Erzählungen
Elmentve itt :
| Szerző: | |
|---|---|
| Dokumentumtípus: | Könyv része |
| Megjelent: |
1992
|
| Sorozat: | Acta germanica
2 Franz Werfel : neue Aspekte seines Werkes 2 |
| Kulcsszavak: | Osztrák irodalom története - 19-20. sz. |
| Tárgyszavak: | |
| Online Access: | http://acta.bibl.u-szeged.hu/2287 |
| LEADER | 00757naa a2200217 i 4500 | ||
|---|---|---|---|
| 001 | acta2287 | ||
| 005 | 20210921092326.0 | ||
| 008 | 161015s1992 hu o 0|| ger d | ||
| 022 | |a 0238-079X | ||
| 040 | |a SZTE Egyetemi Kiadványok Repozitórium |b hun | ||
| 041 | |a ger | ||
| 100 | 1 | |a Beck Knut | |
| 245 | 1 | 0 | |a Vom Zähmen der Phantasie zu Franz Werfels frühen Erzählungen |h [elektronikus dokumentum] / |c Beck Knut |
| 260 | |c 1992 | ||
| 300 | |a 71-79 | ||
| 490 | 0 | |a Acta germanica |v 2 | |
| 490 | 0 | |a Franz Werfel : neue Aspekte seines Werkes |v 2 | |
| 650 | 4 | |a Bölcsészettudományok | |
| 650 | 4 | |a Nyelvek és irodalom | |
| 695 | |a Osztrák irodalom története - 19-20. sz. | ||
| 856 | 4 | 0 | |u http://acta.bibl.u-szeged.hu/2287/1/germanica_002_071-079.pdf |z Dokumentum-elérés |